MARC details
| 000 -CABECERA |
| campo de control de longitud fija |
02126nam a22004937a 4500 |
| 001 - NÚMERO DE CONTROL |
| campo de control |
000039886 |
| 003 - IDENTIFICADOR DEL NÚMERO DE CONTROL |
| campo de control |
CHAP |
| 005 - FECHA Y HORA DE LA ÚLTIMA TRANSACCIÓN |
| campo de control |
20220329135559.0 |
| 008 - DATOS DE LONGITUD FIJA--INFORMACIÓN GENERAL |
| campo de control de longitud fija |
971013s r 00010 d |
| 010 ## - NÚMERO DE CONTROL DE LA BIBLIOTECA DEL CONGRESO |
| Número de control de LC |
38828 |
| 011 ## - ENLACE DEL NUMERO DE CONTROL DE LA BIBLIOTECA DEL CONGRESO [OBSOLETO] |
| Número de control de LC |
39800 |
| 035 ## - NÚMERO DE CONTROL DEL SISTEMA |
| Número de control de sistema |
43925 |
| 040 ## - FUENTE DE LA CATALOGACIÓN |
| Centro/agencia transcriptor |
CHAP |
| 082 ## - NÚMERO DE LA CLASIFICACIÓN DECIMAL DEWEY |
| Número de clasificación |
330.946 |
| Número de documento/Ítem |
I5 |
| 110 ## - ENTRADA PRINCIPAL--NOMBRE DE ENTIDAD CORPORATIVA |
| Nombre de entidad corporativa o nombre de jurisdicción como elemento de entrada |
Instituto de Cultura Hispánica |
| 9 (RLIN) |
59110 |
| 245 #0 - MENCIÓN DE TÍTULO |
| Título |
España. |
| 260 ## - PUBLICACIÓN, DISTRIBUCIÓN, ETC. |
| Lugar de publicación, distribución, etc. |
Madrid : |
| Nombre del editor, distribuidor, etc. |
El Institut, |
| Fecha de publicación, distribución, etc. |
195-. |
| 300 ## - DESCRIPCIÓN FÍSICA |
| Extensión |
8 v. en 9t. : |
| Otras características físicas |
; gráfs. |
| 490 ## - MENCIÓN DE SERIE |
| Mención de serie |
Estudios hispánicos de desarrollo económico |
| 500 ## - NOTA GENERAL |
| Nota general |
La biblioteca tiene: v.1, v.2, v.3, v.4A, v.4B, v.5 |
| 505 ## - NOTA DE CONTENIDO CON FORMATO |
| Nota de contenido con formato |
Contenido: v.1 Esposición preliminar.- v.2 La agricultura y el crecimiento económico.- v.3 La vivienda y el crecimiento económico.- v.4A, Los transporte sy las comunicaciones y el crecimiento económico. Ferrocarriles.- v.4B Los transportes y las com |
| 590 ## - NOTA LOCAL (RLIN) |
| Nota local |
BATCH-UPD |
| Procedencia (VM) [OBSOLETO] |
10 |
| Condición del los carretes individuales (VM) [OBSOLETO] |
20130110 |
| -- |
UCH01 |
| -- |
0157 |
| 590 ## - NOTA LOCAL (RLIN) |
| Nota local |
BATCH-UPD |
| Procedencia (VM) [OBSOLETO] |
10 |
| Condición del los carretes individuales (VM) [OBSOLETO] |
20130110 |
| -- |
UCH01 |
| -- |
1827 |
| 590 ## - NOTA LOCAL (RLIN) |
| Nota local |
BATCH-UPD |
| Procedencia (VM) [OBSOLETO] |
10 |
| Condición del los carretes individuales (VM) [OBSOLETO] |
20130409 |
| -- |
UCH01 |
| -- |
2200 |
| 590 ## - NOTA LOCAL (RLIN) |
| Nota local |
BATCH-UPD |
| Procedencia (VM) [OBSOLETO] |
10 |
| Condición del los carretes individuales (VM) [OBSOLETO] |
20130410 |
| -- |
UCH01 |
| -- |
1200 |
| 590 ## - NOTA LOCAL (RLIN) |
| Nota local |
BATCH-UPD |
| Procedencia (VM) [OBSOLETO] |
10 |
| Condición del los carretes individuales (VM) [OBSOLETO] |
20130914 |
| -- |
UCH01 |
| -- |
1022 |
| 590 ## - NOTA LOCAL (RLIN) |
| Nota local |
CONVERSION |
| Procedencia (VM) [OBSOLETO] |
10 |
| Condición del los carretes individuales (VM) [OBSOLETO] |
20130109 |
| -- |
UCH01 |
| -- |
1322 |
| 590 ## - NOTA LOCAL (RLIN) |
| Nota local |
E5995AHE |
| Procedencia (VM) [OBSOLETO] |
05 |
| Condición del los carretes individuales (VM) [OBSOLETO] |
20151002 |
| -- |
UCH01 |
| -- |
0839 |
| 650 14 - PUNTO DE ACCESO ADICIONAL DE MATERIA--TÉRMINO DE MATERIA |
| Término de materia o nombre geográfico como elemento de entrada |
Agricultura |
| Subdivisión general |
Aspectos economicos |
| -- |
Espana. |
| 9 (RLIN) |
1241 |
| 650 14 - PUNTO DE ACCESO ADICIONAL DE MATERIA--TÉRMINO DE MATERIA |
| Término de materia o nombre geográfico como elemento de entrada |
Comunicaciones |
| Subdivisión general |
España. |
| 9 (RLIN) |
26157 |
| 650 14 - PUNTO DE ACCESO ADICIONAL DE MATERIA--TÉRMINO DE MATERIA |
| Término de materia o nombre geográfico como elemento de entrada |
Recursos forestales |
| Subdivisión general |
España. |
| 9 (RLIN) |
95047 |
| 650 14 - PUNTO DE ACCESO ADICIONAL DE MATERIA--TÉRMINO DE MATERIA |
| Término de materia o nombre geográfico como elemento de entrada |
Transportes |
| Subdivisión general |
España. |
| 9 (RLIN) |
114651 |
| 650 14 - PUNTO DE ACCESO ADICIONAL DE MATERIA--TÉRMINO DE MATERIA |
| Subdivisión geográfica |
España |
| Subdivisión general |
Condiciones económicas. |
| 9 (RLIN) |
124372 |
| 830 0# - PUNTO DE ACCESO ADICIONAL DE SERIE-TÍTULO UNIFORME |
| Título uniforme |
Estudios hispánicos de desarrollo económico |
| 9 (RLIN) |
38547 |
| 901 ## - ELEMENTOS DE DATOS A LOCAL LDA (RLIN) |
| a |
BK |
| 942 ## - ELEMENTOS DE PUNTO DE ACCESO ADICIONAL (KOHA) |
| Tipo de ítem Koha |
Libro |
| 942 ## - ELEMENTOS DE PUNTO DE ACCESO ADICIONAL (KOHA) |
| Suprimir en OPAC |
0 |
| 949 ## - PROCESAMIENTO DE INFORMACIÓN LOCAL (OCLC) |
| a |
330.946 I5 |
| b |
BC |
| c |
LIBRO |
| d |
33724000319158 |
| e |
LIBRO |
| f |
v.3 |
| h |
31868 |
| i |
43925 |
| s |
i |
| 949 ## - PROCESAMIENTO DE INFORMACIÓN LOCAL (OCLC) |
| a |
330.946 I5 |
| b |
BC |
| c |
LIBRO |
| d |
33724000319166 |
| e |
LIBRO |
| f |
v.4A |
| h |
31869 |
| i |
43925 |
| s |
i |
| 949 ## - PROCESAMIENTO DE INFORMACIÓN LOCAL (OCLC) |
| a |
330.946 I5 |
| b |
BC |
| c |
LIBRO |
| d |
33724000319174 |
| e |
LIBRO |
| f |
v.5 |
| h |
31027 |
| i |
43925 |
| s |
i |
| 949 ## - PROCESAMIENTO DE INFORMACIÓN LOCAL (OCLC) |
| a |
330.946 I5 |
| b |
BC |
| c |
LIBRO |
| d |
33724000319182 |
| e |
LIBRO |
| f |
v.2 |
| h |
31025 |
| i |
43925 |
| s |
i |
| 949 ## - PROCESAMIENTO DE INFORMACIÓN LOCAL (OCLC) |
| a |
330.946 I5 |
| b |
BC |
| c |
LIBRO |
| d |
33724000319190 |
| e |
LIBRO |
| f |
v.4B |
| h |
31026 |
| i |
43925 |
| s |
i |
| 949 ## - PROCESAMIENTO DE INFORMACIÓN LOCAL (OCLC) |
| a |
330.946 I5 |
| b |
BC |
| c |
LIBRO |
| d |
33724000319232 |
| e |
LIBRO |
| f |
v.1 |
| h |
31867 |
| i |
43925 |
| s |
i |